European Capitals - Sudden Death - Statistics

General Stats
  • This quiz has been taken 2,060 times
    2,051 since last reset
  • The average score is 14 of 22
Answers on the Grid
Answers color-coded by a green-red scale on the quiz's grid according to % correct below.
Amsterdam
Antwerp
Athens
Barcelona
Bern
Bergen
Birmingham
Brussels
Bucharest
Budapest
Bratislava
Cardiff
Chișinău
Cologne
Copenhagen
Dublin
Frankfurt
Gdańsk
Helsinki
Hamburg
Hannover
Istanbul
Izmir
Kraków
Kyiv
Lisbon
Leipzig
London
Łódź
Lyon
Madrid
Manchester
Monaco
Munich
Naples
Nicosia
Palermo
Porto
Rome
Salzburg
Oslo
Tallinn
Tirana
Tiraspol
Warsaw
Yerevan
Zagreb
Zurich
 
Answer Stats
Answer % Correct
Amsterdam
94%
Athens
84%
Bucharest
77%
Budapest
77%
Bern
76%
Brussels
72%
Helsinki
71%
Copenhagen
70%
Dublin
70%
Kyiv
68%
Bratislava
65%
Lisbon
65%
London
65%
Madrid
64%
Chișinău
63%
Monaco
55%
Oslo
46%
Warsaw
42%
Rome
39%
Tallinn
38%
Zagreb
37%
Tirana
36%
No matching quizzes found
Score Distribution
Percent of People with Each Score
Percentile by Number Answered
Your Score History
You have not taken this quiz since the last reset